000 00896nam a22003377a 4500
001 BR9803962
003 BR-BrBNA
005 20230928100011.0
007 ta
008 230509b bl.||||| |||| 00| 0 por d
040 _aBR-BrBNA
_bpor
_cBiblioteca Nacional de Agricultura
041 _a(Por)
072 _aJ11; E70
_b1300
090 _ 1300 BR9803962
100 1 _aLana, M.M.
100 1 _aNascimento, E.
100 1 _aMelo, M.F. de
110 1 _aCentro Nacional de Pesquisa de Hortalicas, Brasilia, DF (Brasil)
245 1 _aManipulacao e comercializacao de hortalicas
260 3 _aBrasilia, DF (Brasil):
_c1998.
300 _a41 p.
500 _a6 tables
650 _aHortalica
650 _aComercializacao
650 _aManejo
650 _aColheita
650 _aPerda Pos-Colheita
650 _aEmbalagem
909 _a202309
_bLucia
_c55
_dLucia Elande
942 _cBK
999 _c59818
_d59818